00712nam a2200241 a 4500001001300000003000900013005001700022008004100039020001000080082002200090100001900112245002500131260006000156300000900216500003500225505001700260650001900277700001900296902000800315942000700323952012300330999001700453nice12345678IN_TiNIC20260116014301.0050524s1998 newa grp 000 0 urd  ac13000a750.11954025bFAR aFarooqi, Anees aHindustani Musawwari aNew DelhibQaumi Council Barai Taraqi-E-Urdu Langc1998 a187p aincludes index and biblioraphy2 aBibliography aPainting-India1 aFarooqi, Anees bSRS cBK 001040708StackRoom-aHMIbHMId2007-06-15g130.00l0o750.11954025 FARp021090r2007-06-15v130.00w2005-05-24yBK c14636d14636